000 00294nam a22001337a 4500
008 171012b xxu||||| |||| 00| 0 eng d
020 _a0140512926
041 _aeng
080 _a316
100 _a50
101 _aSOC
245 _aDICTIONARY OF SOCIOLOGY
_cABERCROMBIE, N
942 _2udc
_cBK
999 _c33256
_d33256